Embedded C Programming And The Atmel AVR (Record no. 227226)
[ view plain ]
| 000 -LEADER | |
|---|---|
| fixed length control field | 00508nam a2200181Ia 4500 |
| 008 - FIXED-LENGTH DATA ELEMENTS--GENERAL INFORMATION | |
| fixed length control field | 230714s9999 xx 000 0 und d |
| 020 ## - INTERNATIONAL STANDARD BOOK NUMBER | |
| International Standard Book Number | 9790000000000 |
| 041 ## - LANGUAGE CODE | |
| Language code of text/sound track or separate title | eng |
| 082 ## - DEWEY DECIMAL CLASSIFICATION NUMBER | |
| Classification number | 005.13'3 |
| Item number | BAR |
| 100 ## - MAIN ENTRY--PERSONAL NAME | |
| Personal name | Barnett R. |
| 245 ## - TITLE STATEMENT | |
| Title | Embedded C Programming And The Atmel AVR |
| 250 ## - EDITION STATEMENT | |
| Edition statement | 2nd ed. |
| 260 ## - PUBLICATION, DISTRIBUTION, ETC. (IMPRINT) | |
| Date of publication, distribution, etc. | 2007 |
| Name of publisher, distributor, etc. | Cengage Learning |
| 300 ## - PHYSICAL DESCRIPTION | |
| Extent | 532 |
| 365 ## - TRADE PRICE | |
| Currency code | Rs. |
| Price amount | 525.00 |
| 700 ## - ADDED ENTRY--PERSONAL NAME | |
| Personal name | Barnett R.; O'Cull L. & Cox S. |
| 9 (RLIN) | 190276 |
| 906 ## - LOCAL DATA ELEMENT F, LDF (RLIN) | |
| d | O:0716709-Mar-2020B:585009-Mar-2020 |
| c | BINST |
| b | 1312.5 |
No items available.